000 00737nam a2200241 i 4500
001 bg
100 1 _aGRZYB, Hieronim
245 0 _aMelioracje :
_bpodręcznik dla techników melioracji wodnych i policealnych studiów zawodowych /
_cH. Grzyb, J. Kocan, Z. Rytel.
250 _aWyd. 2.
260 _aWarszawa,
_c1982
_aPańst. Wydawnictwa Rolnicze i Leśne.
300 _a626, [2] s., [2] k.tabl. :
_bil., mapy, wykr. ;
_c24 cm.
650 9 _aMelioracje rolne
655 _aPodręczniki
700 1 _aKOCAN, Tomasz
700 1 _aRYTEL, Zygmunt
020 _a8309906098
040 _cBPK
041 _apol
080 _a631.6:626.8](075.3)
920 _a83-09-90609-8
942 _cKS
008 s pl f |000 0 pol
999 _c852
_d852
856 _uhttp://koha.tu.koszalin.pl/cgi-bin/koha/opac-detail.pl?biblionumber=852
_yKatalog online BPK